000 00329nam a2200121Ia 4500
008 220216s9999 xx 000 0 und d
245 0 _aGrooving of immature trunks - The testing of an estate practice of the past
260 _bPlanters Bulletin
_c1963
300 _a16-17
650 _aGrooving
650 _aRubber
942 _cJS
999 _c60083
_d60083